|
|
|
|
| LEADER |
00000naa2a2200000 4500 |
| 001 |
626905 |
| 005 |
20250225063230.0 |
| 035 |
|
|
|a (RuTPU)RU\TPU\conf\26570
|
| 035 |
|
|
|a RU\TPU\conf\26552
|
| 090 |
|
|
|a 626905
|
| 100 |
|
|
|a 20180807d2018 k y0rusy50 ca
|
| 101 |
0 |
|
|a rus
|
| 102 |
|
|
|a RU
|
| 105 |
|
|
|a y z 101zy
|
| 135 |
|
|
|a drgn ---uucaa
|
| 181 |
|
0 |
|a i
|
| 182 |
|
0 |
|a b
|
| 200 |
1 |
|
|a Исследование элементного состава лекарственного растительного сырья лабазника вязолистного и лекарственных форм на его основе
|f А. А. Логинова, Е. С. Рабцевич, Т. С. Малинина
|g науч. рук. Е. В. Петрова
|
| 203 |
|
|
|a Текст
|c электронный
|
| 225 |
1 |
|
|a Теоретические и прикладные аспекты физической и аналитической химии
|
| 230 |
|
|
|a 1 компьютерный файл (pdf; 726 Kb)
|
| 300 |
|
|
|a Заглавие с экрана
|
| 320 |
|
|
|a [Библиогр.: с. 284 (3 назв.)]
|
| 463 |
|
0 |
|0 (RuTPU)RU\TPU\conf\26227
|t Химия и химическая технология в XXI веке
|o материалы XIX Международной научно-практической конференции студентов и молодых ученых имени профессора Л. П. Кулёва, 21-24 мая 2018 г., г. Томск
|f Национальный исследовательский Томский политехнический университет
|v [С. 283-284]
|d 2018
|
| 610 |
1 |
|
|a электронный ресурс
|
| 610 |
1 |
|
|a элементный состав
|
| 610 |
1 |
|
|a лекарственное сырье
|
| 610 |
1 |
|
|a растительное сырье
|
| 610 |
1 |
|
|a лабазник вязолистный
|
| 610 |
1 |
|
|a лекарственные формы
|
| 610 |
1 |
|
|a минеральный состав
|
| 700 |
|
1 |
|a Логинова
|b А. А.
|
| 701 |
|
1 |
|a Рабцевич
|b Е. С.
|
| 701 |
|
1 |
|a Малинина
|b Т. С.
|
| 702 |
|
1 |
|a Петрова
|b Е. В.
|4 727
|
| 712 |
0 |
2 |
|a Национальный исследовательский Томский государственный университет
|c 2009-
|2 stltpush
|3 (RuTPU)RU\TPU\col\17230
|9 26574
|
| 801 |
|
2 |
|a RU
|b 63413507
|c 20180821
|g RCR
|
| 856 |
4 |
|
|u http://earchive.tpu.ru/handle/11683/49747
|
| 942 |
|
|
|c BK
|